100 najczęściej wymienianych postaci w serii Harry Potter - Statystyki

Ogólne statystyki
  • Ten quiz został rozwiązany 1 881 razy
    1 360 od ostatniego zresetowania
  • Średni wynik to 46 z 100
Statystyki odpowiedzi
# Odpowiedź % Poprawnych
18,956 Harry Potter
99%
5,486 Hermiona Granger
99%
6,464 Ron Weasley
98%
2,421 Albus Dumbledore
95%
1,956 Severus Snape
93%
1,797 Voldemort
92%
1,198 Draco Malfoy
90%
2,024 Rubeus Hagrid
89%
770 Minerwa McGonagall
87%
1,471 Syriusz Black
87%
920 Fred Weasley
86%
821 George Weasley
85%
771 Ginny Weasley
85%
864 Remus Lupin
83%
356 Luna Lovegood
82%
127 Lily Potter
80%
249 Lucjusz Malfoy
80%
190 James Potter
78%
810 Neville Longbottom
78%
722 Molly Weasley
77%
780 Artur Weasley
71%
220 Bellatrix Lestrange
70%
486 Peter Pettigrew
70%
469 Zgredek
70%
583 Alastor "Szalonooki" Moody
68%
637 Dolores Umbridge
68%
116 Katie Bell
67%
302 Bill Weasley
66%
353 Cedric Diggory
65%
426 Percy Weasley
65%
89 Narcyza Malfoy
63%
215 Cho Chang
62%
277 Wiktor Krum
60%
467 Dudley Dursley
58%
242 Nimfadora Tonks
58%
110 Charlie Weasley
57%
314 Petunia Dursley
57%
224 Vincent Crabbe
57%
258 Fleur Delacour
56%
228 Gregory Goyle
54%
530 Vernon Dursley
52%
493 Korneliusz Knot
51%
212 Dean Thomas
49%
179 Seamus Finnigan
49%
295 Bartemiusz Crouch, Sr.
48%
262 Gilderoy Lockhart
48%
204 Hedwiga
48%
140 Filius Flitwick
46%
122 Kwiryniusz Quirrell
46%
432 Horacy Slughorn
44%
312 Stworek
41%
288 Argus Filch
40%
90 Pomona Sprout
40%
133 Parvati Patil
38%
123 Prawie Bezgłowy Nick
38%
119 Jęcząca Marta
37%
208 Oliwer Wood
37%
262 Sybilla Trelawney
37%
70 Salazar Slytherin
35%
63 Godryk Gryffindor
34%
68 Pansy Parkinson
34%
164 Irytek
33%
141 Lavender Brown
32%
162 Krzywołap
30%
135 Angelina Johnson
28%
136 Hardodziob
28%
117 Garrick Ollivander
27%
156 Poppy Pomfrey
27%
165 Igor Karkaroff
25%
162 Mrużka
25%
106 Kingsley Shacklebolt
24%
124 Ksenofilius Lovegood
22%
112 Olimpia Maxime
22%
109 Lee Jordan
21%
188 Rita Skeeter
21%
77 Colin Creevey
20%
73 Gellert Grindelwald
20%
102 Fenrir Greyback
19%
105 Kieł
19%
72 Gruba Dama
18%
79 Aberforth Dumbledore
16%
140 Gryfek
16%
73 Cormac McLaggen
15%
75 Firenzo
15%
246 Ludo Bagman
15%
147 Mundungus Fletcher
15%
153 Rufus Scrimgeour
15%
76 Amos Diggory
14%
75 Graup
14%
68 Marvolo Gaunt
13%
77 Bathilda Bagshot
12%
73 Marge Dursley
12%
92 Ernie MacMillan
10%
63 Frank Bryce
10%
85 Stan Shunpike
8%
64 Fawkes
7%
68 Bob Ogden
6%
62 Elfias Doge
6%
89 Fineas Nigellus Black
5%
63 Morfin Gaunt
5%
Nie znaleziono quizów pasujących do podanych kryteriów
Rozkład punktacji
Procent ludzi z każdym wynikiem
Percentyl według liczby udzielonych odpowiedzi
Twoja historia wyników
Nie rozwiązałeś tego quizu od ostatniego zresetowania